000 00743nam a2200229 a 4500
001 BRCA_846
005 20190320203156.0
008 931015s1991 sp-a---##b---#001-0#spa-#
020 _a8486371309
040 _aDLC
_cDLC
050 4 _aNK7215
_b.I35 1991
100 1 _aIglesias Rouco, Lena Saladina
_92819
245 1 0 _aPlatería hispanoamericana en Burgos
_cLena S. Iglesias Rouco.
260 _aBurgos
_bJ.M. Garrido Garrido
_c1991
300 _a150 p.
_bil.
_c27 cm.
500 _aIncluye índice de piezas
504 _aBibliografía : p. 139-143
650 1 4 _aPlatería religiosa colonial
_zAmérica Latina
_92820
650 1 4 _aPlatería religiosa
_zAmérica Latina
_92821
650 1 4 _aPlatería religiosa
_zEspaña
_92822
942 _2lcc
_cB
999 _c741
_d741